000 01146cam a2200265 a 4500
001 000011605
005 20200929162512.0
008 940809s1991 sp a b 001 0bspa
020 _a8478201025
040 _aDO-SdBNP
_bspa
_cBNPHU
082 _a686.246553
_bP371i
100 1 _aPedraza Gracía, Manuel José,
_d1959-
_96145
245 1 3 _aLa imprenta de Gabriel de Hijar :
_bZaragoza, 1576 /
_cManuel José Pedraza Gracía.
260 _aZaragoza :
_bInstitución Fernando el Católico,
_c1991.
300 _a150 p. :
_bil., facsíms. ;
_c25 cm.
490 1 _aPublicación de la Institución "Fernando el Católico"
504 _aIncluye referencias bibliográficas y notas al pie de las páginas.
651 4 _aEspaña
_xIncunables
_927447
650 4 _aImprenta
_zEspaña
_zZaragoza
_xBiografía
_927448
600 1 4 _aHIJAR, GABRIEL DE,
_dfl. 1563-1576.
_927449
650 4 _aImprenta
_zEspaña
_zZaragoza
_xHistoria
_ySIGLO XVI
_927450
650 4 _aIncunables
_zEspaña
_zZaragoza
_ySIGLO XVI
_vBIBLIOGRAFÍA
_927451
651 4 _aZaragoza (España{Rpara}
_xImprenta
_927452
830 0 _aPublicación de la Institución "Fernando el Católico"
_913716
999 _c11300
_d11300